000
00298nam a2200109Ia 4500
008
171211s9999 xx 000 0 und d
245
_a
Drupal Web Profiles
245
_c
Timi Ogunjobi
260
_c
2012
650
_x
Web Development
856
_u
http://down.ebook777.com/014/Drupal-Web-Profiles.pdf
999
_c
350065
_d
350065